000 00185nam a22000857a 4500
020 _a9788182520110
082 _aK920
245 _aUNTIRING THOMAS - TALES OF GREAT VALUES
942 _cBK
999 _c2902
_d2902